Interpretazione della legge civile e ragione giuridica
Salvato in:
| Autore principale: | |
|---|---|
| Natura: | Libro |
| Lingua: | italiano |
| Pubblicazione: |
Verona
CEDAM
2003
|
| Soggetti: | |
| Tags: |
Aggiungi Tag
Nessun Tag, puoi essere il primo ad aggiungerne!!
|
MARC
| LEADER | 00000nam a2200000 a 4500 | ||
|---|---|---|---|
| 001 | UCG6325 | ||
| 003 | CL-VaPUC | ||
| 005 | 20211222171749.0 | ||
| 008 | 110414e20030000it 1 ita d | ||
| 020 | |a 8813245351 | ||
| 082 | 0 | 4 | |a 346.45 |b RUS |2 21 |
| 100 | 1 | |a Russo, Ennio |e author |9 621745 | |
| 245 | 1 | 0 | |a Interpretazione della legge civile e ragione giuridica |
| 260 | |a Verona |b CEDAM |c 2003 | ||
| 300 | |a 245 p | ||
| 583 | |a last modification |c 20190908 07:46:34 |k Rodrigo Vera | ||
| 650 | 0 | 0 | |a Derecho civil |9 255013 |
| 650 | 0 | 0 | |a Interpretación jurídica |9 380837 |
| 650 | 0 | 0 | |a Derecho privado |9 258243 |
| 650 | 0 | 7 | |a ECONOMIA DEL DERECHO |2 CL-VaPUC |9 621746 |
| 651 | 0 | |a Roma |9 255106 | |
| 651 | 0 | |a Italia |9 254949 | |
| 942 | |c BK | ||
| 945 | |a jcampos |d 20110414 00:00:00 | ||
| 546 | |a En Italiano | ||
| 536 | |a Università di Tor Vergata | ||
| 518 | |p Giornate di Studio, 1, Roma, 21-23 Marzo 2002 | ||
| 999 | |c 384612 |d 384610 | ||
| 952 | |0 0 |1 0 |4 0 |6 346_450000000000000_RUS_2003 |7 0 |8 A |9 507451 |a BIBDER |b BIBDER |d 2020-01-23 |i 4766407 |o 346.45 RUS 2003 |p 4766407 |r 2020-01-23 |w 2020-01-23 |y BK |k DER | ||